Call of Duty: Task Force 141 Members - Statistics

General Stats
  • This quiz has been taken 1,028 times
  • The average score is 6 of 15
Answer Stats
Hint Answer % Correct
Captain John Price
98%
Captain John "Soap" MacTavish
98%
Lieutenant Simon "Ghost" Riley
95%
Sergeant Gary "Roach" Sanderson
75%
Lieutenant General Shepherd
47%
Yuri
44%
Nikolai
39%
Private First Class Joseph Allen
28%
Scarecrow
16%
Ozone
14%
Worm
13%
Sgt. Kamarov
11%
Rook
9%
Toad
8%
Alberto Vasquez
1%
No matching quizzes found
Score Distribution
Percent of People with Each Score
Percentile by Number Answered
Your Score History
You have not taken this quiz